Best college basketball arenas - Statistics

General Stats
  • This quiz has been taken 345 times
  • The average score is 7 of 15
Answer Stats
Rank School Arena % Correct
2 Duke Cameron Indoor Stadium
83%
4 Kentucky Rupp Arena
83%
1 Kansas Allen Fieldhouse
73%
8 St. John's/Big East Tourney Madison Square Garden
71%
11 Syracuse Carrier Dome
63%
5 Indiana Assembly Hall
50%
9 New Mexico The Pit
44%
3 Butler Hinkle Fieldhouse
43%
15 North Carolina Dean Smith Center
42%
7 Penn/Philadelphia Big 5 The Palestra
34%
6 Michigan State Breslin Center
33%
10 Oklahoma State Gallagher-Iba Arena
20%
12 Arizona McKale Center
12%
14 Wichita State Charles Koch Arena
10%
13 Gonzaga McCarthey Athletic Center
5%
No matching quizzes found
Score Distribution
Percent of People with Each Score
Percentile by Number Answered
Your Score History
You have not taken this quiz